| 000 | 00972nam a2200301 a 4500 | ||
|---|---|---|---|
| 001 | 51617 | ||
| 003 | BD-RjUL | ||
| 005 | 20211209075704.0 | ||
| 008 | 160930r20032006caua ob 001 0 eng d | ||
| 020 | _a9780124079489 (electronic bk.) | ||
| 020 | _a0124079482 (electronic bk.) | ||
| 020 | _a9788181472083 | ||
| 020 | _a818147208X | ||
| 035 | _a(BD-RjUL) 51737 | ||
| 040 |
_aOPELS _beng _erda _epn _cOPELS _dBD-RjUL |
||
| 041 | _aeng | ||
| 082 | 0 | 4 |
_a519.2 _223 _bROI 2006 |
| 100 | 1 |
_aRoss, Sheldon M. _9154302 |
|
| 245 | 1 | 0 |
_aIntroduction to probability models / _cSheldon M. Ross. |
| 250 | _a8th ed. | ||
| 260 |
_aBoston : _b Academic Press, _cc 2003 [Reprinted 2006] |
||
| 300 |
_axvii, 755 p. : _bill. ; _c23 cm. |
||
| 504 | _aIncludes bibliographical references and index. | ||
| 650 | 0 |
_aProbabilities. _9154303 |
|
| 655 | 4 |
_aElectronic books. _9129485 |
|
| 856 | 4 | 0 |
_uhttp://www.sciencedirect.com/science/book/9780124079489 _zMIT Access Only |
| 942 |
_2ddc _cBK |
||
| 999 |
_c51617 _d51617 |
||